| 000 | 00379nam a2200157Ia 4500 | ||
|---|---|---|---|
| 003 | Ost | ||
| 005 | 20260225132555.0 | ||
| 008 | 260225s9999||||xx |||||||||||||| ||und|| | ||
| 040 | _cfsic | ||
| 041 | _afre | ||
| 082 | _a440 | ||
| 100 |
_aJean-Loup Bourget _eAuteur |
||
| 245 | 0 | _aHollywood,années 30 du krach à Pearl Harbor / | |
| 245 | 0 | _cJean-Loup Bourget | |
| 942 | _cكتاب | ||
| 999 |
_c34392 _d34392 |
||